000 00544nam a2200193 i 4500
001 27831
003 ES-MaACL
005 20230906153721.0
007 t|
008 030115s1965 xxu ||||1| eng d
100 1 _aAyres, Frank.
_924191
245 1 0 _aTheory and problems of modern algebra /
_cby Frank Ayres.
260 _aNew York :
_bMcGraw-Hill Book Co.,
_c[1965]
300 _a244 p. ;
_c28 cm.
490 1 _aSchaum's Outline Series
830 0 _aSchaum's Outline Series
_9181149
852 _aES-MaACL
_jC-35654
999 _c27831
_d27831